| 000 | 00975 a2200229 4500 | ||
|---|---|---|---|
| 001 | 49433 | ||
| 005 | 20260407155758.0 | ||
| 008 | 260407a2018 arg spa d | ||
| 003 | AR-UNSa-BCEJYS | ||
| 040 |
_aAR-UNSa-BCEJYS _bspa _cAR-UNSa-BCEJYS |
||
| 080 |
_a347.736 _xQuiebra. Insolvencia. Suspensión de pagos. Bancarrota, procedimientos. Derecho Concursal |
||
| 245 | 1 | 0 | _aIntroducción al derecho concursal |
| 020 | _a978-987-706-220-5 | ||
| 264 | 1 |
_aBuenos Aires : _bAstrea _c2018 |
|
| 300 |
_axvi, 160 p. _c23 cm. |
||
| 505 | _a1. Caracterización general - 2. Procesos concursales - 3. Finalidad del Derecho concursal. Sistemas - 4. Principios generales del Derecho Concursal - 5. El derecho concursal en la teoría general del Derecho. | ||
| 041 | _aspa | ||
| 942 | _cBK | ||
| 590 | _aniveau_biblio:m niveau_hierar:0 | ||
| 100 | 1 | _aGerbaudo, Germán E. | |
| 856 | 4 | 1 |
_uhttps://www.biblioeco.unsa.edu.ar/pmb/images/libros/L128096.jpg _yImagen de portada _qimage/jpeg |
| 999 |
_c4844 _d4844 |
||